000 00224nam a2200097Ia 4500
005 20251222114358.0
008 251222s1900||||xx |||||||||||||| ||spa||
082 _aDVD0110/W19/2005/Ej.2
245 0 _aLa cenicienta:
942 _cDVD
999 _c1504
_d1504